| 000 | 00386nam a2200121Ia 4500 | ||
|---|---|---|---|
| 008 | 220204s9999 xx 000 0 und d | ||
| 082 |
_a065.011 _bMAL |
||
| 100 | _aMali, Paul | ||
| 245 | 0 | _aImproving total productivity: MBO strategies for business, government, and not-for-profit organizations | |
| 260 |
_aNew York _bJohn Wiley _c1978 |
||
| 650 | _aIndustrial productivity | ||
| 942 | _cBK | ||
| 999 |
_c29741 _d29741 |
||